Trung Hoa du ký

Bewaard in:
Bibliografische gegevens
Hoofdauteur: Phạm, Khắc
Formaat: Boek
Taal:Undetermined
Gepubliceerd in: Thành Phố Hồ Chí Minh Thành Phố Hồ Chí Minh 2004
Onderwerpen:
Tags: Voeg label toe
Geen labels, Wees de eerste die dit record labelt!
Thư viện lưu trữ: Trung tâm Học liệu Trường Đại học Cần Thơ
LEADER 00705nam a2200205Ia 4500
001 CTU_137542
008 210402s9999 xx 000 0 und d
020 |c 26000 
082 |a 915.1 
082 |b Kh113/CD.8 
100 |a Phạm, Khắc 
245 0 |a Trung Hoa du ký 
245 0 |c Phạm Khắc chủ biên ; Hãng phim truyền hình thành phố Hồ Chí Minh 
260 |a Thành Phố Hồ Chí Minh 
260 |b Thành Phố Hồ Chí Minh 
260 |c 2004 
650 |a China,Motion pictures china,Trung Quốc 
650 |x Description and travel,Mô tả và du hành 
904 |i Tuyến 
980 |a Trung tâm Học liệu Trường Đại học Cần Thơ